Anime and Manga Decoder - Statistics

General Stats
  • This quiz has been taken 298 times
  • The average score is 8 of 26
Answer Stats
Hint Answer % Correct
N ninja character in the manga of the same name Naruto
81%
A English name of Pokemon's protagonist Ash
80%
T Enemies of humanity in Shingeki no Kyojin Titans
80%
Y genre of anime or manga involving love between females Yuri
71%
O surname of One Piece's author Oda
50%
D series whose best known song is Cha-La Head-Cha-La Dragonball Z
48%
H One of the co-founders of Studio Ghibli Miyazaki {Hayao}
48%
A shopping district in Tokyo known for electronic appliances, and also anime and manga goods Akihabara
40%
I teacher from Assassination Classroom, known as "b*tch-sensei" {Irina} Jelavić
39%
C Chitanda Eru's catchphrase "I'm {curious}!"
30%
E Conan's surname Edogawa
29%
O How is My Little Sister Can't Be This Cute known in Japanese? (single-word) Oreimo
28%
O Japanese equivalent of Walt Disney Tezuka {Osamu}
27%
G 7-member band which compose and perform the first opening theme for Your Lie in April {Goose} house
24%
I district in Tokyo where events in Durarara!! take place Ikebukuro
19%
H voice actress who dubbed Onodera Kosaki in Nisekoi {Hanazawa} Kana
18%
S longest running anime series (Guinness World Record) Sazae-san
16%
M first name of "Pet Girl" in the Pet Girl of Sakurasou Mashiro
15%
U Yui's sister from K-ON! Ui
15%
B romantic love against one's own brother Brocon
12%
Chuunibyou demo Koi ga Shitai!
6%
U Vice principal's surname from Great Teacher Onizuka Uchiyamada
6%
K Japanese city where Fujiko F. Fujio museum is located Kawasaki
4%
U fictional shopping district in Tamako Market Usagiyama
4%
I Japanese prefecture where events in Hanasaku Iroha take place Ishikawa
2%
I anime series involving the intelligent young priest of Ankoku Temple Ikkyū-san
1%
No matching quizzes found
Score Distribution
Percent of People with Each Score
Percentile by Number Answered
Your Score History
You have not taken this quiz